[Event "Niederbayernliga 0708"]
[Site "Germany"]
[Date "2007.04.06"]
[Round "8.1"]
[White "Ploehn, Heiko"]
[Black "Eckerl, Uwe"]
[Result "1/2-1/2"]
[WhiteElo "2122"]
[BlackElo "2151"]
[PlyCount "106"]
[EventDate "2007.10.21"]
[EventType "team"]
[EventRounds "9"]
[EventCountry "GER"]
[SourceTitle "EXT 2009"]
[Source "ChessBase"]
[SourceDate "2008.11.26"]
[SourceVersion "1"]
[SourceVersionDate "2008.11.26"]
[SourceQuality "1"]
[WhiteTeam "Landshut"]
[BlackTeam "Waldkirchen Freyung"]
[WhiteTeamCountry "GER"]
[BlackTeamCountry "GER"]

1. d4 g6 2. c4 Bg7 3. Nc3 Nf6 4. e4 d6 5. f3 0-0 6. Be3 e5 7. d5 Nh5 8. Qd2 f5 9. 0-0-0 f4 10. Bf2 Rf7 11. c5 Bf8 12. c6 Ng7 13. Bb5 Na6 14. Bxa6 bxa6 15. Nge2 g5 16. h3 h5 17. a3 Ne8 18. Na2 Qf6 19. Qa5 g4 20. hxg4 hxg4 21. Nb4 Qg6 22. Nxa6 Rg7 23. Rdg1 Be7 24. Nb4 Nf6 25. Nc3 Nh5 26. Nd3 Ng3 27. Rh2 Bg5 28. Kb1 Nxe4 29. Nxe4 g3 30. Rhh1 gxf2 31. Ndxf2 Bf5 32. Rh2 Rh7 33. Rgh1 Rxh2 34. Rxh2 Bd8 35. Ka1 Qf7 36. Nc3 a6 37. Qb4 Bc8 38. Nfe4 Bf6 39. Qa5 Bg7 40. Ng5 Qe7 41. Nce4 Rb8 42. a4 Rb3 43. Qe1 Rd3 44. Qb1 Rd4 45. Qc2 a5 46. Rh5 Bf5 47. Nh3 Qf7 48. Rxf5 Qxf5 49. Qb3 Rb4 50. Qd1 Bf6 51. Nhf2 Bh4 52. Nd3 Rxe4 53. fxe4 Qxe4 1/2-1/2

[Event "Regionalliga SO 0102"]
[Site "Bayern"]
[Date "2002.04.14"]
[Round "8.3"]
[White "Ploehn, Heiko"]
[Black "Zill, Christoph"]
[Result "1/2-1/2"]
[WhiteElo "2140"]
[BlackElo "2105"]
[PlyCount "37"]
[EventDate "2001.10.07"]
[EventType "team"]
[EventRounds "9"]
[EventCountry "GER"]
[SourceTitle "EXT 2003"]
[Source "ChessBase"]
[SourceDate "2002.11.25"]
[SourceVersion "1"]
[SourceVersionDate "2002.11.25"]
[SourceQuality "1"]
[WhiteTeam "Landshut"]
[BlackTeam "Freising"]
[WhiteTeamCountry "GER"]
[BlackTeamCountry "GER"]

1. d4 f5 2. c4 Nf6 3. Nc3 g6 4. g3 Bg7 5. Bg2 d6 6. Nf3 0-0 7. 0-0 Qe8 8. d5 Na6 9. Nd4 Bd7 10. Re1 c6 11. e4 fxe4 12. Nxe4 Nxe4 13. Rxe4 cxd5 14. cxd5 Nc7 15. Qb3 Qf7 16. Rf4 Qe8 17. Re4 Qf7 18. Rf4 Qe8 19. Re4 1/2-1/2

[Event "Regionalliga SO 0102"]
[Site "Bayern"]
[Date "2002.02.03"]
[Round "5.3"]
[White "Eybl, Alexander"]
[Black "Ploehn, Heiko"]
[Result "1/2-1/2"]
[WhiteElo "2220"]
[BlackElo "2140"]
[PlyCount "65"]
[EventDate "2001.10.07"]
[EventType "team"]
[EventRounds "9"]
[EventCountry "GER"]
[SourceTitle "EXT 2003"]
[Source "ChessBase"]
[SourceDate "2002.11.25"]
[SourceVersion "1"]
[SourceVersionDate "2002.11.25"]
[SourceQuality "1"]
[WhiteTeam "Vogtareuth"]
[BlackTeam "Landshut"]
[WhiteTeamCountry "GER"]
[BlackTeamCountry "GER"]

1. c4 e5 2. g3 Nc6 3. Bg2 d6 4. Nc3 g6 5. d3 Bg7 6. Nf3 Bf5 7. Rb1 a5 8. a3 Qc8 9. h3 Nge7 10. e4 Bd7 11. b4 axb4 12. axb4 0-0 13. b5 Nd8 14. Nd5 Nxd5 15. cxd5 Ra5 16. b6 cxb6 17. Bd2 Ra6 18. Bb4 b5 19. Rc1 Qb8 20. 0-0 f5 21. Qc2 fxe4 22. dxe4 Nf7 23. Qc7 Qc8 24. Qxc8 Bxc8 25. Rc7 Bh6 26. Rb1 Ra2 27. Ne1 Rd8 28. Nd3 Ra8 29. Kh2 Rd7 30. Rc2 Rd8 31. Rc7 Rd7 32. Rc2 Rd8 33. Rc7 1/2-1/2